Luis Buñuel de la literatura al cine (Record no. 11016)

MARC details
000 -LEADER
campo de control de longitud fija 00990nam a2200301 i 4500
001 - NÚMERO DE CONTROL
campo de control 11016
003 - IDENTIFICADOR DE NÚMERO DE CONTROL
campo de control ES-MaACL
005 - FECHA Y HORA DE LA ÚLTIMA TRANSACCIÓN
campo de control 20250814090540.0
008 - DATOS DE LONGITUD FIJA--INFORMACIÓN GENERAL
campo de control de longitud fija 940412s1993 sp 001 0dspa
020 ## - NÚMERO INTERNACIONAL ESTÁNDAR DEL LIBRO
Número Internacional Estándar del Libro 84-7658-410-5
080 ## - NÚMERO DE LA CLASIFICACIÓN DECIMAL UNIVERSAL
Número de la Clasificación Decimal Universal 791.44 Buñuel, Luis
080 ## - NÚMERO DE LA CLASIFICACIÓN DECIMAL UNIVERSAL
Número de la Clasificación Decimal Universal 860 Buñuel, Luis 1.06
080 ## - NÚMERO DE LA CLASIFICACIÓN DECIMAL UNIVERSAL
Número de la Clasificación Decimal Universal 791.43:82
100 1# - ENTRADA PRINCIPAL--NOMBRE DE PERSONA
Nombre de persona Monegal, Antonio.
9 (RLIN) 82163
245 10 - MENCIÓN DEL TÍTULO
Título Luis Buñuel de la literatura al cine
Resto del título : una poética del objeto /
Mención de responsabilidad, etc. Antonio Monegal.
250 ## - MENCION DE EDICION
Mención de edición 1ª ed.
260 ## - PUBLICACIÓN, DISTRIBUCIÓN, ETC.
Lugar de publicación, distribución, etc. Barcelona :
Nombre del editor, distribuidor, etc. Anthropos,
Fecha de publicación, distribución, etc. 1993.
300 ## - DESCRIPCIÓN FÍSICA
Extensión 255 p. ;
Dimensiones 20 cm.
490 1# - MENCIÓN DE SERIE
Mención de serie Autores, textos y temas.
-- Literatura ;
Designación de volumen o secuencia 17
500 ## - NOTA GENERAL
Nota general Índice.
504 ## - NOTA DE BIBLIOGRAFÍA, ETC.
Nota de bibliografía, etc. Filmografía: p. 235-236.
504 ## - NOTA DE BIBLIOGRAFÍA, ETC.
Nota de bibliografía, etc. Bibliografía: p. 237-248.
600 14 - PUNTO DE ACCESO ADICIONAL DE MATERIA--NOMBRE DE PERSONA
Nombre de persona Buñuel, Luis,
Fechas asociadas al nombre 1900-1983-
Subdivisión general Crítica e interpretación
9 (RLIN) 32562
650 17 - PUNTO DE ACCESO ADICIONAL DE MATERIA--TÉRMINO DE MATERIA
Término de materia o nombre geográfico como elemento de entrada Cine y literatura
Fuente del encabezamiento o término embne
9 (RLIN) 11036
830 1# - PUNTO DE ACCESO ADICIONAL DE SERIE-TÍTULO UNIFORME
Título uniforme Autores, textos y temas.
-- Literatura ;
Designación de volumen o secuencia 17
9 (RLIN) 177410
852 ## - LOCALIZACIÓN
Ubicación ES-MaACL
Número de control de estantería L-18319
Holdings
Estatus retirado Estado de pérdida Estado de daño No para préstamo Biblioteca de origen Biblioteca actual Ubicación en estantería Fecha de adquisición Fuente de adquisición Total de préstamos Signatura topográfica completa Código de barras Visto por última vez Precio de reemplazo Tipo de ítem Koha
        Biblioteca del Ateneo de Madrid Biblioteca del Ateneo de Madrid Depósito 2 17/01/2008     L-18319 1011234 23/02/2023 23/02/2023 Libro impreso